Essais de morale, de science et d'esthétique / (Record no. 165667)
[ view plain ]
| 000 -LEADER | |
|---|---|
| campo de control de longitud fija | 01349nam a22003135i 4500 |
| 001 - NÚMERO DE CONTROL | |
| campo de control | 165667 |
| 003 - IDENTIFICADOR DE NÚMERO DE CONTROL | |
| campo de control | ES-MaACL |
| 005 - FECHA Y HORA DE LA ÚLTIMA TRANSACCIÓN | |
| campo de control | 20250728105428.0 |
| 008 - DATOS DE LONGITUD FIJA--INFORMACIÓN GENERAL | |
| campo de control de longitud fija | 980115m18771879fr |||| | fre d |
| 040 ## - FUENTE DE CATALOGACIÓN | |
| Centro catalogador/agencia de origen | NA |
| Lengua de catalogación | spa |
| Centro/agencia transcriptor | NA |
| 100 1# - ENTRADA PRINCIPAL--NOMBRE DE PERSONA | |
| Nombre de persona | Spencer, Herbert, |
| Fechas asociadas al nombre | 1820-1903 |
| 9 (RLIN) | 107684 |
| 245 10 - MENCIÓN DEL TÍTULO | |
| Título | Essais de morale, de science et d'esthétique / |
| Mención de responsabilidad, etc. | par Herbert Spencer ; traduits de l'anglais par A. Burdeau. |
| 260 ## - PUBLICACIÓN, DISTRIBUCIÓN, ETC. | |
| Lugar de publicación, distribución, etc. | Paris : |
| Nombre del editor, distribuidor, etc. | Librairie Germer Baillière et C\pie\s, |
| Fecha de publicación, distribución, etc. | 1877-1879 ( |
| Lugar de fabricación/manufactura | Coulommiers : |
| Fabricante | Typ. Albert Ponsot et P. Brodard) |
| 300 ## - DESCRIPCIÓN FÍSICA | |
| Extensión | v. ; |
| Dimensiones | 22 cm. |
| 505 8# - NOTA DE CONTENIDO CON FORMATO | |
| Nota de contenido con formato | Contiene: I. Essais sur le progrès -- III. Essais Scientifiques ; suivis de réponses aux objections sur "Les premiers principes" |
| 650 #4 - PUNTO DE ACCESO ADICIONAL DE MATERIA--TÉRMINO DE MATERIA | |
| Término de materia o nombre geográfico como elemento de entrada | Progreso científico y tecnológico. |
| 9 (RLIN) | 16470 |
| 700 11 - ENTRADA AGREGADA--NOMBRE PERSONAL | |
| Nombre de persona | Burdeau, A., |
| Término indicativo de función/relación | |
| 9 (RLIN) | 32590 |
| 700 11 - ENTRADA AGREGADA--NOMBRE PERSONAL | |
| Nombre de persona | Baillière, Germer, |
| Término indicativo de función/relación | |
| 9 (RLIN) | 125776 |
| 700 11 - ENTRADA AGREGADA--NOMBRE PERSONAL | |
| Nombre de persona | Ponsot, Albert, |
| Término indicativo de función/relación | |
| 9 (RLIN) | 131270 |
| 700 11 - ENTRADA AGREGADA--NOMBRE PERSONAL | |
| Nombre de persona | Brodard, Paul, |
| Término indicativo de función/relación | |
| 9 (RLIN) | 126184 |
| 740 01 - ENTRADA AGREGADA--TÍTULO RELACIONADO/ANALÍTICO NO CONTROLADO | |
| Título relacionado o analítico no controlado | Essais sur le progrès. |
| 740 01 - ENTRADA AGREGADA--TÍTULO RELACIONADO/ANALÍTICO NO CONTROLADO | |
| Título relacionado o analítico no controlado | Essais scientifiques. |
| 740 01 - ENTRADA AGREGADA--TÍTULO RELACIONADO/ANALÍTICO NO CONTROLADO | |
| Título relacionado o analítico no controlado | Réponses aux objections sur "Les premiers principes" |
| 752 ## - ENTRADA AGREGADA--NOMBRE JERÁRQUICO DEL LUGAR | |
| País o entidad superior | Francia - |
| Ciudad | París |
| 752 ## - ENTRADA AGREGADA--NOMBRE JERÁRQUICO DEL LUGAR | |
| País o entidad superior | Francia - |
| Ciudad | Coulommiers |
| 852 ## - LOCALIZACIÓN | |
| Ubicación | ES-MaACL |
| Número de control de estantería | B-7167-7169 |
| Nota libre | -- Enc. pasta española |
| Encuadernación | -- T300: 3 V. (XXII, 414; XIII, 439; XV, 412 p. ) |
| Estatus retirado | Estado de pérdida | Estado de daño | No para préstamo | Colección | Biblioteca de origen | Biblioteca actual | Ubicación en estantería | Fecha de adquisición | Fuente de adquisición | Total de préstamos | Signatura topográfica completa | Código de barras | Visto por última vez | Precio de reemplazo | Tipo de ítem Koha |
|---|---|---|---|---|---|---|---|---|---|---|---|---|---|---|---|
| Libros del s. XIX | Biblioteca del Ateneo de Madrid | Biblioteca del Ateneo de Madrid | Sala Pardo Bazán | 17/01/2008 | B-7167-7169 | 1173738 | 23/02/2023 | 23/02/2023 | Libro impreso antiguo |
